Hàm số biến số phức

Giới thiệu về số phức, hàm số biến phức, hàm giải tích, lí thuyết tích phân, lí thuyết chuỗi và thặng dư

Gardado en:
Detalles Bibliográficos
Autor Principal: Trương Văn Thương (Tác giả)
Formato: Libro
Idioma:Vietnamese
Publicado: H. Giáo dục 2007
Edición:Tái bản lần thứ 2
Những chủ đề:
Các nhãn: Engadir etiqueta
Sen Etiquetas, Sexa o primeiro en etiquetar este rexistro!
Thư viện lưu trữ: Mạng thư viện Đại học Đà Nẵng
LEADER 01350nam a2200397 4500
001 000007972
003 4150
005 20121010141037.0
008 111013s2007 viesd
020 |c 15300đ 
041 0 |a vie 
082 |a 515.9  |b TR-T 
100 0 |a Trương Văn Thương  |e Tác giả 
245 0 |a Hàm số biến số phức  |c Trương Văn Thương 
250 |a Tái bản lần thứ 2 
260 |a H.  |b Giáo dục  |c 2007 
300 |a 147 tr.  |c 24 cm 
504 |a Thư mục: tr. 147 
520 |a Giới thiệu về số phức, hàm số biến phức, hàm giải tích, lí thuyết tích phân, lí thuyết chuỗi và thặng dư 
650 |a Hàm số 
653 |a Hàm biến phức 
653 |a Toán giải tích 
653 |a Hàm giải tích 
653 |a Giáo trình 
700 |a Trương Văn Thương  |e Tác giả 
910 |a duyên 
OWN |a LSP 
AVA |a UDN50  |b LSP  |d 515.9 TR-T  |e check_holdings  |t Error 5003 Not defined in file expand_doc_bib_avail.  |h N  |k 1 
999 |a From the UDN01 
AVA |a UDN50  |b LSP  |d 515.9 TR-T  |e available  |t Error 5001 Not defined in file expand_doc_bib_avail.  |f 39  |g 8  |h N  |i 29  |k 1 
TYP |a Monograph 
TYP |a Printed language 
980 |a Mạng thư viện Đại học Đà Nẵng